[Event "Karpos Open 2016"]
[Site "Skopje, MKD"]
[Date "2016.04.04"]
[Round "6"]
[Board "10"]
[White "Gokerkan, Cem Kaan"]
[Black "Mastrovasilis, Athanasios"]
[Result "1/2-1/2"]
[WhiteElo "2295"]
[BlackElo "2538"]
[PlyCount "88"]
[EventDate "2016.04.01"]
[EventRounds "9"]
[EventCountry "MKD"]

1. e4 c5 2. Nf3 e6 3. d4 cxd4 4. Nxd4 Nc6 5. Nc3 d6 6. Be3 Nf6 7. Be2 Be7 8.
O-O O-O 9. Kh1 Bd7 10. f4 Nxd4 11. Qxd4 Bc6 12. Rad1 Qc7 13. f5 e5 14. Qd3 Rac8
15. Bg5 Rfd8 16. Qe3 d5 17. exd5 Nxd5 18. Nxd5 Bxd5 19. f6 Bc5 20. Qg3 g6 21.
c4 Be4 22. h3 Qc6 23. Bg4 Ra8 24. b3 a5 25. Rde1 Rd3 26. Bf3 Bxf3 27. Rxf3 Rxf3
28. Qxf3 Qxf3 29. gxf3 Bd4 30. Rd1 Ra6 31. f4 h6 32. fxe5 Bxe5 33. Bxh6 Rxf6
34. Rd5 Bc7 35. Rd7 Rc6 36. a4 b6 37. Kg2 Bd6 38. Be3 Kf8 39. Kf3 Ke8 40. Rb7
Bc7 41. Bf4 Bxf4 42. Kxf4 Re6 43. Rc7 Kf8 44. Rb7 Ke8 1/2-1/2

[Event "Karpos Open 2016"]
[Site "Skopje, MKD"]
[Date "2016.04.04"]
[Round "6"]
[Board "11"]
[White "Kovacevic, Aleksandar"]
[Black "Maksimovic, Branimir"]
[Result "1-0"]
[WhiteElo "2520"]
[BlackElo "2330"]
[PlyCount "47"]
[EventDate "2016.04.01"]
[EventRounds "9"]
[EventCountry "MKD"]

1. e4 e6 2. d4 d5 3. Nd2 c5 4. Ngf3 Nc6 5. exd5 exd5 6. Bb5 Qe7+ 7. Be2 Qc7 8.
O-O Nf6 9. Re1 Be6 10. Bf1 O-O-O 11. c3 Bg4 12. Qa4 Bd7 13. Qd1 Bg4 14. h3 h5
15. Bb5 Bd6 16. Bxc6 bxc6 17. hxg4 hxg4 18. Ne5 Rde8 19. Nf1 Bxe5 20. dxe5 Rxe5
21. Rxe5 Qxe5 22. Be3 Rh4 23. Qa4 Ne4 24. Qxc6+ 1-0

[Event "Karpos Open 2016"]
[Site "Skopje, MKD"]
[Date "2016.04.04"]
[Round "6"]
[Board "12"]
[White "Kozul, Zdenko"]
[Black "Percivaldi, Martin"]
[Result "1-0"]
[WhiteElo "2600"]
[BlackElo "2306"]
[PlyCount "71"]
[EventDate "2016.04.01"]
[EventRounds "9"]
[EventCountry "MKD"]

1. Nf3 d5 2. g3 Bg4 3. Bg2 c6 4. O-O Nd7 5. d3 Ngf6 6. Nbd2 e5 7. h3 Bh5 8. e4
dxe4 9. dxe4 Bc5 10. Qe1 O-O 11. Nb3 Bb6 12. a4 a5 13. Be3 Bxe3 14. Qxe3 Bxf3
15. Bxf3 Qc7 16. Be2 Rfe8 17. Rfd1 Nf8 18. Kg2 Ne6 19. c3 Nd7 20. Bc4 Nb6 21.
Bxe6 Rxe6 22. Nc5 Ree8 23. b4 axb4 24. cxb4 Rad8 25. Rxd8 Rxd8 26. Qc3 h6 27.
Nd3 Rd4 28. a5 Nc4 29. a6 bxa6 30. Rxa6 Kh7 31. Nc5 Nd6 32. Ra8 Qe7 33. h4 Nxe4
34. Nxe4 Rxe4 35. Qf3 Rxb4 36. Qf5+ 1-0

[Event "Karpos Open 2016"]
[Site "Skopje, MKD"]
[Date "2016.04.04"]
[Round "6"]
[Board "13"]
[White "Danov, Lyubomir"]
[Black "Romanov, Evgeny"]
[Result "0-1"]
[WhiteElo "2326"]
[BlackElo "2635"]
[PlyCount "100"]
[EventDate "2016.04.01"]
[EventRounds "9"]
[EventCountry "MKD"]

1. e4 c6 2. d4 d5 3. Nd2 dxe4 4. Nxe4 Bf5 5. Ng3 Bg6 6. h4 h6 7. Nf3 Nd7 8. h5
Bh7 9. Bd3 Bxd3 10. Qxd3 e6 11. Bd2 Ngf6 12. O-O-O Be7 13. Kb1 Qb6 14. c4 Rd8
15. Ne4 Nxe4 16. Qxe4 Nf6 17. Qe2 c5 18. Bc3 O-O 19. d5 exd5 20. cxd5 Rfe8 21.
Qc4 Bf8 22. Be5 Nd7 23. Rhe1 Nxe5 24. Rxe5 Rxe5 25. Nxe5 Qf6 26. f4 Qf5+ 27.
Ka1 b5 28. Qxb5 Qxf4 29. Qe2 Rxd5 30. Nd3 Qg3 31. Kb1 c4 32. Ne1 Re5 33. Qf3
Qxf3 34. Nxf3 Rxh5 35. Rd8 g6 36. Kc2 Kg7 37. Rc8 Ra5 38. a3 h5 39. Rxc4 g5 40.
Kd3 g4 41. Nd2 Bd6 42. a4 f5 43. Rd4 Bg3 44. b3 h4 45. Nf1 Be5 46. Rd7+ Kg6 47.
Ke2 Rc5 48. Ne3 h3 49. gxh3 gxh3 50. Kf1 Rc3 0-1

[Event "Karpos Open 2016"]
[Site "Skopje, MKD"]
[Date "2016.04.04"]
[Round "6"]
[Board "14"]
[White "Djukic, Nikola"]
[Black "Koksal, Ege"]
[Result "1-0"]
[WhiteElo "2563"]
[BlackElo "2322"]
[PlyCount "133"]
[EventDate "2016.04.01"]
[EventRounds "9"]
[EventCountry "MKD"]

1. c4 e6 2. g3 Nf6 3. Bg2 d5 4. Nf3 Nbd7 5. cxd5 exd5 6. O-O c6 7. d3 Bd6 8. e4
O-O 9. Nc3 Re8 10. Re1 dxe4 11. dxe4 Ne5 12. Nxe5 Bxe5 13. Qc2 Be6 14. h3 Qa5
15. Bd2 Rad8 16. Red1 Qa6 17. Be3 h6 18. Na4 Qc4 19. Qxc4 Bxc4 20. f4 Bc7 21.
b3 Bd5 22. exd5 Rxe3 23. dxc6 bxc6 24. Kf2 Red3 25. Rxd3 Rxd3 26. Bxc6 g5 27.
Bf3 gxf4 28. gxf4 Bxf4 29. Rd1 Ne4+ 30. Kg2 Nd2 31. Bg4 Rg3+ 32. Kf2 Ne4+ 33.
Kf1 h5 34. Rd8+ Kg7 35. Bf5 Rf3+ 36. Ke2 Rf2+ 37. Ke1 Bg3 38. Bxe4 Rf4+ 39. Ke2
Rxe4+ 40. Kf3 Bc7 41. Rd7 Rf4+ 42. Kg2 Bb6 43. Nxb6 axb6 44. Rd5 h4 45. Rb5 Rf6
46. Rb4 Rd6 47. a4 Kg6 48. Rxh4 f5 49. Rb4 Kf6 50. Kf3 Ke5 51. Rb5+ Kf6 52. h4
Rd3+ 53. Ke2 Rd6 54. Ke3 Re6+ 55. Kf4 Re4+ 56. Kf3 Re6 57. Rb4 Ke5 58. h5 Rd6
59. Rh4 Rh6 60. Rh1 Rh7 61. h6 Kf6 62. Kf4 Kg6 63. b4 Kf6 64. a5 bxa5 65. bxa5
Kf7 66. a6 Kg8 67. Rb1 1-0

[Event "Karpos Open 2016"]
[Site "Skopje, MKD"]
[Date "2016.04.04"]
[Round "6"]
[Board "15"]
[White "Atakisi, Umut"]
[Black "Blagojevic, Dragisa"]
[Result "1/2-1/2"]
[WhiteElo "2315"]
[BlackElo "2509"]
[PlyCount "30"]
[EventDate "2016.04.01"]
[EventRounds "9"]
[EventCountry "MKD"]

1. Nf3 d5 2. d4 Nf6 3. c4 e6 4. g3 dxc4 5. Bg2 Bd7 6. Ne5 Bc6 7. Nxc6 Nxc6 8.
e3 Qd7 9. O-O Nd5 10. Qe2 O-O-O 11. Qxc4 h5 12. Nc3 f5 13. Bd2 h4 14. Rfc1 hxg3
15. hxg3 g5 1/2-1/2

[Event "Karpos Open 2016"]
[Site "Skopje, MKD"]
[Date "2016.04.04"]
[Round "6"]
[Board "16"]
[White "Ozen, Bahadir"]
[Black "Sundararajan, Kidambi"]
[Result "1/2-1/2"]
[WhiteElo "2221"]
[BlackElo "2474"]
[PlyCount "37"]
[EventDate "2016.04.01"]
[EventRounds "9"]
[EventCountry "MKD"]

1. Nf3 c5 2. g3 Nc6 3. Bg2 g6 4. c3 e5 5. e4 Bg7 6. O-O Nge7 7. a3 d6 8. b4 a6
9. d3 O-O 10. Nbd2 h6 11. Bb2 Be6 12. Rb1 Rc8 13. Re1 b5 14. d4 cxd4 15. cxd4
exd4 16. Nb3 Bxb3 17. Qxb3 a5 18. bxa5 Qxa5 19. Red1 1/2-1/2

[Event "Karpos Open 2016"]
[Site "Skopje, MKD"]
[Date "2016.04.04"]
[Round "6"]
[Board "17"]
[White "Grigoriadis, Mihail"]
[Black "Neelotpal, Das"]
[Result "0-1"]
[WhiteElo "2114"]
[BlackElo "2457"]
[PlyCount "76"]
[EventDate "2016.04.01"]
[EventRounds "9"]
[EventCountry "MKD"]

1. e4 e6 2. d3 c5 3. Nf3 Nc6 4. g3 d5 5. Nbd2 g6 6. Bg2 Bg7 7. Rb1 Nge7 8. h4
h6 9. O-O e5 10. exd5 Nxd5 11. Ne4 b6 12. Nc3 Nde7 13. Re1 Bg4 14. Re4 Bf5 15.
Re3 O-O 16. b3 Bg4 17. Qd2 Qd7 18. Nh2 Be6 19. Bb2 Nf5 20. Ree1 Nfd4 21. Ne2
Bd5 22. Bxd5 Qxd5 23. Nxd4 cxd4 24. Re2 f5 25. Rbe1 Rfe8 26. f3 Re6 27. Qd1 h5
28. Kf2 Rae8 29. Bc1 Qd7 30. Kg2 Nb4 31. a3 Nd5 32. Bd2 Kh7 33. Qc1 Qc6 34. Kf2
Rc8 35. Bg5 Nc3 36. Nf1 e4 37. fxe4 fxe4 38. dxe4 Nxe2 0-1

[Event "Karpos Open 2016"]
[Site "Skopje, MKD"]
[Date "2016.04.04"]
[Round "6"]
[Board "18"]
[White "Vojinovic, Goran"]
[Black "Cvetkovic, Srdjan"]
[Result "1-0"]
[WhiteElo "2449"]
[BlackElo "2312"]
[PlyCount "113"]
[EventDate "2016.04.01"]
[EventRounds "9"]
[EventCountry "MKD"]

1. Nf3 c5 2. g3 Nc6 3. Bg2 g6 4. O-O Bg7 5. d3 d6 6. e4 e5 7. Nc3 Nge7 8. Nd2
O-O 9. Nc4 Be6 10. Nd5 b5 11. Nce3 Qd7 12. c3 Rab8 13. a4 b4 14. a5 Bxd5 15.
exd5 Nd8 16. Bd2 bxc3 17. bxc3 f5 18. Qa4 Qxa4 19. Rxa4 Nf7 20. Nc4 Rb3 21. Rc1
Rfb8 22. Raa1 Kf8 23. Bf3 R3b5 24. a6 Rd8 25. Na5 Rb2 26. Be1 e4 27. Nb7 exf3
28. Nxd8 Nxd8 29. Rcb1 Re2 30. Rb8 Ke8 31. Ra8 Nxd5 32. Rxa7 Bxc3 33. Bxc3 Nxc3
34. Rxh7 Nd5 35. Rb7 Nxb7 36. axb7 Rb2 37. Ra8+ Ke7 38. b8=Q Rxb8 39. Rxb8 Ke6
40. Kf1 g5 41. h4 gxh4 42. gxh4 Nf4 43. Rg8 Ke5 44. Rg3 Nxd3 45. h5 c4 46. Rxf3
Kf6 47. Rg3 f4 48. Rg6+ Ke7 49. h6 c3 50. Rg7+ Kf8 51. Rc7 Kg8 52. Rxc3 Ne5 53.
Rc7 f3 54. Re7 Kh8 55. Re6 Kh7 56. Rxd6 Ng4 57. Rd4 1-0

[Event "Karpos Open 2016"]
[Site "Skopje, MKD"]
[Date "2016.04.04"]
[Round "6"]
[Board "19"]
[White "Stojanovski, Dejan"]
[Black "Andonovski, Ljubisa"]
[Result "1-0"]
[WhiteElo "2437"]
[BlackElo "2293"]
[PlyCount "75"]
[EventDate "2016.04.01"]
[EventRounds "9"]
[EventCountry "MKD"]

1. e4 c6 2. d4 d5 3. e5 Bf5 4. Nf3 e6 5. Be2 Nd7 6. O-O Bg6 7. b3 a6 8. c4 Ne7
9. Nc3 Nf5 10. Bb2 Be7 11. Bd3 O-O 12. Ne2 Nh4 13. Nxh4 Bxh4 14. Bxg6 hxg6 15.
g3 Be7 16. Nf4 g5 17. Nd3 a5 18. a4 Qb6 19. Rc1 Rac8 20. Qc2 g6 21. Bc3 c5 22.
dxc5 Nxc5 23. cxd5 Qxb3 24. Nxc5 Qxc2 25. Rxc2 Bxc5 26. d6 Bb4 27. Rfc1 Bxc3
28. Rxc3 Rcd8 29. Rc7 f6 30. f4 gxf4 31. gxf4 fxe5 32. fxe5 Rf7 33. Rxf7 Kxf7
34. Rc7+ Kf8 35. Rxb7 Rc8 36. Kg2 Rc2+ 37. Kf3 Rd2 38. Ke4 1-0

[Event "Karpos Open 2016"]
[Site "Skopje, MKD"]
[Date "2016.04.04"]
[Round "6"]
[Board "20"]
[White "Berzinsh, Roland"]
[Black "Saraci, Nderim"]
[Result "1-0"]
[WhiteElo "2394"]
[BlackElo "2243"]
[PlyCount "79"]
[EventDate "2016.04.01"]
[EventRounds "9"]
[EventCountry "MKD"]

1. e4 e5 2. Nf3 Nc6 3. Bc4 Bc5 4. c3 Nf6 5. d3 O-O 6. O-O d6 7. Bb3 a6 8. Re1
Ba7 9. h3 Ne7 10. Nbd2 Ng6 11. Nf1 c6 12. Ng3 Be6 13. Bc2 h6 14. d4 Re8 15. Be3
Qe7 16. Qc1 Qf8 17. a4 Rad8 18. a5 Bb8 19. b4 Bc7 20. Qb2 Nd7 21. b5 axb5 22.
d5 cxd5 23. Qxb5 dxe4 24. Bxe4 Rb8 25. Bxb7 Nf6 26. a6 Bd5 27. c4 Bxb7 28. axb7
Qe7 29. Ba7 Rbd8 30. Nd4 Rd7 31. Nc6 Qf8 32. Nf5 Kh7 33. Rad1 Nf4 34. b8=Q Bxb8
35. Bxb8 Re6 36. Rd2 Qc8 37. Nxd6 Qf8 38. Red1 N6h5 39. Nxe5 Rde7 40. Nf5 1-0

[Event "Karpos Open 2016"]
[Site "Skopje, MKD"]
[Date "2016.04.04"]
[Round "6"]
[Board "21"]
[White "L'ami, Alina"]
[Black "Burcu, Cagatay"]
[Result "1-0"]
[WhiteElo "2348"]
[BlackElo "2219"]
[PlyCount "153"]
[EventDate "2016.04.01"]
[EventRounds "9"]
[EventCountry "MKD"]

1. d4 d5 2. c4 c6 3. Nf3 Nf6 4. Nc3 dxc4 5. a4 Bf5 6. Ne5 e6 7. f3 Bb4 8. Nxc4
c5 9. dxc5 Qxd1+ 10. Kxd1 O-O 11. e4 Rd8+ 12. Ke1 Bg6 13. Nd6 b6 14. cxb6 axb6
15. Ndb5 Na6 16. Be3 Nd7 17. Kf2 Nac5 18. Be2 Ne5 19. Rhd1 f5 20. Kg1 fxe4 21.
fxe4 Nxe4 22. Nxe4 Bxe4 23. Bxb6 Rxd1+ 24. Bxd1 Nc4 25. Bd4 e5 26. Bc3 Bc5+ 27.
Kh1 Bc6 28. Nc7 Ne3 29. Bb3+ Kh8 30. Nxa8 Bxg2+ 31. Kg1 Bh3 32. Kf2 Nc2+ 33.
Kg3 Nxa1 34. Kxh3 Nxb3 35. Bxe5 Kg8 36. Bc3 Kf7 37. a5 Ke6 38. Nb6 Kd6 39. Na4
Bg1 40. a6 Kc6 41. Bxg7 Kb5 42. Nc3+ Kxa6 43. Ne4 Be3 44. Kg4 Bc1 45. Ng5 h6
46. Nf7 Nc5 47. h4 Ne6 48. Be5 Nc5 49. h5 Nd3 50. Bg7 Kb5 51. Nxh6 Nf4 52. Nf5
Nxh5 53. Kxh5 Kc4 54. Bc3 Kb3 55. Nd4+ Kc4 56. Kg4 Be3 57. Nf5 Bc5 58. Kf3 Kd3
59. Kf4 Kc2 60. Nd4+ Kd3 61. Ke5 Kc4 62. Nc2 Bf8 63. Ke4 Bh6 64. Ne3+ Kb3 65.
Kd3 Ka4 66. Nc2 Kb5 67. Nd4+ Kb6 68. Kc4 Bc1 69. b4 Be3 70. Nf5 Bf4 71. Bd4+
Kb7 72. Kc5 Bb8 73. Nd6+ Kc7 74. Nb5+ Kb7 75. Bf6 Ka6 76. Kc6 Bf4 77. Bd4 1-0

[Event "Karpos Open 2016"]
[Site "Skopje, MKD"]
[Date "2016.04.04"]
[Round "6"]
[Board "22"]
[White "Polatel, Ali"]
[Black "Drenchev, Petar"]
[Result "1-0"]
[WhiteElo "2106"]
[BlackElo "2480"]
[PlyCount "89"]
[EventDate "2016.04.01"]
[EventRounds "9"]
[EventCountry "MKD"]

1. c4 e6 2. g3 d5 3. Bg2 d4 4. b4 Nf6 5. Bb2 c5 6. Nf3 Nc6 7. b5 Na5 8. d3 Bd6
9. e3 e5 10. exd4 exd4 11. O-O O-O 12. Nbd2 a6 13. a4 h6 14. Nh4 g5 15. Nhf3
Bf5 16. Qc2 Qc7 17. Rae1 Rae8 18. Bc1 axb5 19. axb5 Bg6 20. Kh1 Kg7 21. Bb2
Rxe1 22. Rxe1 Re8 23. Rxe8 Nxe8 24. Nf1 b6 25. h4 f6 26. hxg5 fxg5 27. Ne3 Nf6
28. Nxd4 cxd4 29. Bxd4 Be5 30. Qc3 Bxd4 31. Qxd4 Qc5 32. Qc3 Kf7 33. d4 Qc8 34.
c5 Ne4 35. Qb2 bxc5 36. Qa2+ Qe6 37. d5 Qb6 38. Ng4 Kg7 39. Qa1+ Nf6 40. Nxf6
Qxf6 41. Qxa5 Qxf2 42. Qc7+ Kf6 43. Qd6+ Kg7 44. Qe5+ Kh7 45. b6 1-0

[Event "Karpos Open 2016"]
[Site "Skopje, MKD"]
[Date "2016.04.04"]
[Round "6"]
[Board "23"]
[White "Brkic, Ante"]
[Black "Ivanov, Stojan Emilov"]
[Result "1-0"]
[WhiteElo "2598"]
[BlackElo "2231"]
[PlyCount "75"]
[EventDate "2016.04.01"]
[EventRounds "9"]
[EventCountry "MKD"]

1. e4 e5 2. Bc4 Nf6 3. d3 Be7 4. Nf3 Nc6 5. O-O O-O 6. Re1 d6 7. a4 Be6 8. Nc3
Bxc4 9. dxc4 a5 10. Bg5 Nd7 11. Be3 Re8 12. Re2 Nf8 13. Rd2 Qc8 14. Nd5 Bd8 15.
c5 dxc5 16. Bxc5 Ng6 17. h3 h6 18. Qe2 Nce7 19. Bxe7 Bxe7 20. Rad1 Bd8 21. Ne3
Nf4 22. Qc4 Nxh3+ 23. Kf1 Ng5 24. Rd7 Rf8 25. Nxe5 Bf6 26. Rxc7 Qe6 27. Nd7
Qxc4+ 28. Nxc4 Rfd8 29. Ncb6 Rab8 30. Rd5 Ne6 31. Rc4 Nf4 32. Rf5 Bg5 33. g3 g6
34. Rxf4 Bxf4 35. gxf4 Kg7 36. Nxb8 Rxb8 37. Rc8 Rxc8 38. Nxc8 1-0

[Event "Karpos Open 2016"]
[Site "Skopje, MKD"]
[Date "2016.04.04"]
[Round "6"]
[Board "24"]
[White "Vujacic, Borivoje"]
[Black "Damljanovic, Branko"]
[Result "0-1"]
[WhiteElo "2253"]
[BlackElo "2588"]
[PlyCount "117"]
[EventDate "2016.04.01"]
[EventRounds "9"]
[EventCountry "MKD"]

1. e4 c5 2. Nf3 e6 3. d4 cxd4 4. Nxd4 Nf6 5. Nc3 d6 6. Be2 Be7 7. O-O O-O 8. f4
Nc6 9. Be3 Bd7 10. Qe1 e5 11. fxe5 dxe5 12. Nf5 Bxf5 13. exf5 Bb4 14. a3 Bxc3
15. Qxc3 Rc8 16. Qd3 Qe7 17. Rad1 Rfd8 18. Qb3 Nd4 19. Bxd4 exd4 20. Rde1 Re8
21. Qg3 Qc5 22. Bd3 Re3 23. Rf3 Rce8 24. Rfxe3 dxe3 25. Qf4 h5 26. h3 b6 27.
Kh1 Re5 28. Re2 Qe7 29. Kg1 Nd7 30. Qf3 Nf6 31. Qa8+ Ne8 32. Qf3 h4 33. Qf4 Nd6
34. Re1 Nb7 35. Qf3 Nc5 36. Qa8+ Qf8 37. Qxf8+ Kxf8 38. Bb5 Ke7 39. b4 Nb7 40.
Bd3 Nd6 41. Kf1 Nxf5 42. Bxf5 Rxf5+ 43. Ke2 b5 44. Kd3 Rd5+ 45. Ke4 Ke6 46.
Rxe3 Re5+ 47. Kd4 Rxe3 48. Kxe3 Ke5 49. Kd3 Kd5 50. Ke3 g5 51. Kd3 f5 52. c3 g4
53. Ke3 Ke5 54. c4 bxc4 55. a4 gxh3 56. gxh3 f4+ 57. Kd2 f3 58. b5 c3+ 59. Ke1
 0-1

[Event "Karpos Open 2016"]
[Site "Skopje, MKD"]
[Date "2016.04.05"]
[Round "7"]
[Board "1"]
[White "Svetushkin, Dmitry"]
[Black "Dvirnyy, Danyyil"]
[Result "1-0"]
[WhiteElo "2562"]
[BlackElo "2555"]
[PlyCount "66"]
[EventDate "2016.04.01"]
[EventRounds "9"]
[EventCountry "MKD"]

1. e4 e5 2. Nf3 Nc6 3. Bb5 Nf6 4. d3 Bc5 5. Bxc6 dxc6 6. Nbd2 Be6 7. O-O Nd7 8.
Nb3 Bd6 9. Na5 Rb8 10. Ng5 Qe7 11. Nxe6 Qxe6 12. a4 O-O 13. Nc4 c5 14. b3 Rbe8
15. Qh5 b6 16. Bb2 f6 17. Rae1 Nb8 18. g3 Nc6 19. f4 exf4 20. gxf4 Qf7 21. Qh3
f5 22. e5 Be7 23. e6 Qg6+ 24. Kh1 Nd4 25. Rg1 Qf6 26. Qg2 Bd6 27. c3 Nxe6 28.
Nxd6 cxd6 29. Rxe6 Rxe6 30. c4 Qg6 31. Qb7 Rf7 32. Qa8+ Rf8 33. Qxa7 Rfe8 1-0

[Event "Karpos Open 2016"]
[Site "Skopje, MKD"]
[Date "2016.04.05"]
[Round "7"]
[Board "2"]
[White "Nikolov, Momchil"]
[Black "Ivanisevic, Ivan"]
[Result "1/2-1/2"]
[WhiteElo "2559"]
[BlackElo "2651"]
[PlyCount "71"]
[EventDate "2016.04.01"]
[EventRounds "9"]
[EventCountry "MKD"]

1. d4 Nf6 2. c4 c5 3. d5 b5 4. cxb5 a6 5. bxa6 g6 6. Nc3 Bg7 7. Nf3 O-O 8. e4
Qa5 9. Nd2 Bxa6 10. Bxa6 Qxa6 11. a4 e6 12. Nb5 exd5 13. Nc7 Qa7 14. Nxa8 dxe4
15. a5 Qxa8 16. Nc4 d5 17. Nb6 Qa6 18. Qe2 c4 19. O-O Nc6 20. Bg5 Nxa5 21. Nxd5
Nxd5 22. Bd2 Qc6 23. Rxa5 Re8 24. Rc1 e3 25. Bxe3 Nxe3 26. fxe3 Qb6 27. Rca1
Rxe3 28. Ra8+ Bf8 29. Qf2 Qe6 30. Qh4 Re4 31. Rxf8+ Kxf8 32. Qh6+ Ke7 33. Qg5+
Kf8 34. Qh6+ Ke7 35. Qg5+ Kf8 36. Qh6+ 1/2-1/2

[Event "Karpos Open 2016"]
[Site "Skopje, MKD"]
[Date "2016.04.05"]
[Round "7"]
[Board "3"]
[White "Nedev, Trajko"]
[Black "Markus, Robert"]
[Result "0-1"]
[WhiteElo "2474"]
[BlackElo "2651"]
[PlyCount "86"]
[EventDate "2016.04.01"]
[EventRounds "9"]
[EventCountry "MKD"]

1. e4 c5 2. Nf3 e6 3. d4 cxd4 4. Nxd4 a6 5. Nc3 b5 6. Bd3 Ne7 7. O-O Nec6 8.
Nxc6 Nxc6 9. f4 Bc5+ 10. Kh1 O-O 11. Qh5 Bd4 12. e5 g6 13. Qh6 f5 14. Qh3 d6
15. exd6 Qxd6 16. Be3 Bg7 17. Qf3 Bb7 18. Qf2 Rfe8 19. Bc5 Qc7 20. Rad1 Qf7 21.
Be2 e5 22. fxe5 Nxe5 23. a4 Nc4 24. Bxc4 Qxc4 25. Bd4 Bf8 26. axb5 axb5 27. Qg3
Rad8 28. b3 Qc6 29. Rd2 Rxd4 30. Rxd4 Re3 31. Rf3 Qxc3 32. Rxe3 Qxd4 33. Qe5
Qg4 34. Qe6+ Kg7 35. Qd7+ Kh8 36. Rg3 Qf4 37. Qd1 Be4 38. c4 b4 39. Qe1 Kg8 40.
Re3 Bd6 41. Rg3 Qh6 42. Qe3 Qg7 43. Rh3 Qb2 0-1

[Event "Karpos Open 2016"]
[Site "Skopje, MKD"]
[Date "2016.04.05"]
[Round "7"]
[Board "4"]
[White "Georgiev, Kiril"]
[Black "Maiorov, Nikita"]
[Result "1-0"]
[WhiteElo "2631"]
[BlackElo "2547"]
[PlyCount "95"]
[EventDate "2016.04.01"]
[EventRounds "9"]
[EventCountry "MKD"]

1. d4 Nf6 2. Nf3 e6 3. Bf4 b6 4. e3 Bb7 5. Nbd2 Be7 6. h3 O-O 7. Bd3 c5 8. c3
cxd4 9. cxd4 Ba6 10. Bxa6 Nxa6 11. a3 Nd5 12. Bh2 f5 13. O-O Qc8 14. Rc1 Qb7
15. Qb3 Rfc8 16. Ne5 Nf6 17. Bg3 Nd5 18. Qb5 Rxc1 19. Rxc1 Rd8 20. e4 fxe4 21.
Nxe4 Nac7 22. Qe2 Ne8 23. Qh5 g6 24. Qf3 Nef6 25. Nc3 Rf8 26. Nxd5 Nxd5 27. Qe4
Rc8 28. Re1 Kg7 29. h4 Bf8 30. h5 gxh5 31. Qh4 d6 32. Nf3 Re8 33. Ng5 Qd7 34.
Qxh5 h6 35. Ne4 Rc8 36. Qg4+ Kf7 37. Bh4 Bg7 38. Nc3 Nxc3 39. bxc3 Rxc3 40. d5
Be5 41. f4 Bd4+ 42. Bf2 Bxf2+ 43. Kxf2 Qc8 44. dxe6+ Kf6 45. Qh5 Kg7 46. e7
Rc2+ 47. Kg1 Rc1 48. e8=N+ {Kf7} 1-0

[Event "Karpos Open 2016"]
[Site "Skopje, MKD"]
[Date "2016.04.05"]
[Round "7"]
[Board "5"]
[White "Saric, Ante"]
[Black "Kovacevic, Aleksandar"]
[Result "1/2-1/2"]
[WhiteElo "2587"]
[BlackElo "2520"]
[PlyCount "87"]
[EventDate "2016.04.01"]
[EventRounds "9"]
[EventCountry "MKD"]

1. d4 Nf6 2. c4 e6 3. g3 c5 4. Nf3 cxd4 5. Nxd4 d5 6. Bg2 e5 7. Nb3 d4 8. O-O
Nc6 9. f4 e4 10. f5 g6 11. Na3 Bxf5 12. Nb5 Bg7 13. N3xd4 Nxd4 14. Nxd4 Bg4 15.
Qa4+ Qd7 16. Qxd7+ Bxd7 17. Nb5 O-O 18. Bg5 Ng4 19. Bxe4 Rae8 20. Bf3 Ne3 21.
Bxe3 Rxe3 22. Rad1 Bxb5 23. cxb5 Re7 24. b3 Bh6 25. Rd3 Kg7 26. Rfd1 Rc8 27.
Rd7 Be3+ 28. Kg2 Rc7 29. Rxe7 Rxe7 30. Rd8 Bc5 31. g4 h6 32. h4 b6 33. h5 gxh5
34. gxh5 Kf6 35. Kg3 Re5 36. Rd7 Re7 37. Rd3 Re3 38. Rd7 Re7 39. Rd1 Re5 40.
Bg4 Re4 41. Kf3 Ke5 42. Kg3 f5 43. Bf3 Rd4 44. Rxd4 1/2-1/2

[Event "Karpos Open 2016"]
[Site "Skopje, MKD"]
[Date "2016.04.05"]
[Round "7"]
[Board "6"]
[White "Perunovic, Milos"]
[Black "Stojanovski, Dejan"]
[Result "1-0"]
[WhiteElo "2641"]
[BlackElo "2437"]
[PlyCount "103"]
[EventDate "2016.04.01"]
[EventRounds "9"]
[EventCountry "MKD"]

1. e4 e6 2. d4 d5 3. Nc3 Nf6 4. e5 Nfd7 5. f4 c5 6. Nf3 Nc6 7. Be3 a6 8. Qd2 b5
9. dxc5 Bxc5 10. Bd3 Qb6 11. Bf2 Bxf2+ 12. Qxf2 Qxf2+ 13. Kxf2 O-O 14. Rhe1 Nc5
15. g3 f6 16. a3 g5 17. exf6 gxf4 18. gxf4 Nxd3+ 19. cxd3 Rxf6 20. Ke3 Bd7 21.
Rg1+ Kh8 22. Ne2 Raf8 23. Rac1 Be8 24. b4 Bd7 25. Rg3 Rf5 26. Rxc6 Bxc6 27.
Ned4 Rxf4 28. Nxc6 R4f6 29. Nce5 Rc8 30. Ng5 Rc7 31. h4 Rf5 32. Kd4 Rf4+ 33.
Ke3 Rf5 34. Ngf3 Rg7 35. Rxg7 Kxg7 36. Nd7 Rf7 37. Nc5 Kf6 38. Kf4 Ke7+ 39. Ke3
Kf6 40. d4 Ra7 41. Kf4 h6 42. Ne5 Rg7 43. Ng4+ Kg6 44. Nxe6 Re7 45. Ne5+ Kh5
46. Kf5 Ra7 47. Nf4+ Kxh4 48. Nxd5 h5 49. Nf6 a5 50. d5 axb4 51. axb4 Ra1 52.
d6 1-0

[Event "Karpos Open 2016"]
[Site "Skopje, MKD"]
[Date "2016.04.05"]
[Round "7"]
[Board "7"]
[White "Romanov, Evgeny"]
[Black "Firat, Burak"]
[Result "1/2-1/2"]
[WhiteElo "2635"]
[BlackElo "2460"]
[PlyCount "93"]
[EventDate "2016.04.01"]
[EventRounds "9"]
[EventCountry "MKD"]

1. d4 d5 2. Nf3 Nf6 3. Bf4 g6 4. e3 Bg7 5. Nbd2 O-O 6. b4 a5 7. b5 c5 8. bxc6
bxc6 9. Rb1 Nbd7 10. Bd3 c5 11. c3 a4 12. O-O Qa5 13. Rb5 Qa7 14. Ne5 Nxe5 15.
Bxe5 Nd7 16. Bxg7 Kxg7 17. Nf3 Bb7 18. h4 Bc6 19. Rb1 Rab8 20. h5 Rxb1 21. Bxb1
Qb6 22. Ng5 Nf6 23. hxg6 hxg6 24. Qf3 Qc7 25. Nh3 Bb5 26. Re1 Bd7 27. Nf4 Qd6
28. Qg3 Rh8 29. Qg5 Rb8 30. dxc5 Qxc5 31. Nh5+ Nxh5 32. Qe5+ Nf6 33. Qxb8 Qxc3
34. Rf1 e5 35. a3 Qd2 36. Qc7 Bb5 37. Qc1 Qe2 38. Re1 Qh5 39. f3 Qh4 40. Qc3
Nh5 41. Qxe5+ Kh7 42. g3 Qh3 43. Qc7 Kh6 44. Qb8 Kh7 45. Qc7 Kh6 46. Qb8 Kh7
47. Qc7 1/2-1/2

[Event "Karpos Open 2016"]
[Site "Skopje, MKD"]
[Date "2016.04.05"]
[Round "7"]
[Board "8"]
[White "Neelotpal, Das"]
[Black "Kozul, Zdenko"]
[Result "1-0"]
[WhiteElo "2457"]
[BlackElo "2600"]
[PlyCount "75"]
[EventDate "2016.04.01"]
[EventRounds "9"]
[EventCountry "MKD"]

1. e4 c5 2. Nf3 d6 3. d4 cxd4 4. Nxd4 Nf6 5. Nc3 Nc6 6. Bg5 e6 7. Qd2 a6 8.
O-O-O Bd7 9. f3 Be7 10. Kb1 O-O 11. h4 b5 12. g4 Rc8 13. Be3 Ne5 14. Bd3 b4 15.
Nce2 d5 16. g5 Nh5 17. exd5 exd5 18. Nf4 Nxf4 19. Bxf4 Nxd3 20. Qxd3 a5 21. Nf5
Bxf5 22. Qxf5 d4 23. Be5 Rc5 24. Qe4 f6 25. Bxd4 Rd5 26. Kc1 fxg5 27. Bxg7 Rff5
28. Bh6 Qd6 29. Rxd5 Rxd5 30. Bxg5 Re5 31. Qa8+ Kf7 32. Qh8 Bf8 33. Qxh7+ Bg7
34. Rd1 Qe6 35. Qh5+ Kg8 36. Qg4 Qxa2 37. Rd8+ Bf8 38. Bf4+ 1-0

[Event "Karpos Open 2016"]
[Site "Skopje, MKD"]
[Date "2016.04.05"]
[Round "7"]
[Board "9"]
[White "Vojinovic, Goran"]
[Black "Djukic, Nikola"]
[Result "1/2-1/2"]
[WhiteElo "2449"]
[BlackElo "2563"]
[PlyCount "88"]
[EventDate "2016.04.01"]
[EventRounds "9"]
[EventCountry "MKD"]

1. d4 Nf6 2. Nc3 d5 3. Bf4 c6 4. e3 Nbd7 5. h3 b5 6. Nf3 b4 7. Na4 e6 8. Be2
Be7 9. O-O O-O 10. Ne5 Nxe5 11. Bxe5 Nd7 12. Bg3 Qa5 13. b3 c5 14. dxc5 Nxc5
15. Nxc5 Qxc5 16. Be5 f6 17. Bb2 Bb7 18. Bd3 e5 19. Qd2 Qb6 20. a3 a5 21. axb4
axb4 22. Rxa8 Rxa8 23. Ra1 Rc8 24. Bf1 Bd6 25. Qd1 f5 26. Ra2 Bb8 27. Bc1 Bd6
28. Qd3 g6 29. Qb5 Qxb5 30. Bxb5 Kf7 31. Bd2 Ke6 32. Kf1 g5 33. Be2 Bc5 34. Ra4
Bc6 35. Ra5 Kd6 36. c3 Rb8 37. c4 dxc4 38. Bxc4 f4 39. Ra6 Kc7 40. Ra5 Kd6 41.
Ra6 Kc7 42. Ra5 Kb6 43. Ra6+ Kb7 44. Ra5 Kb6 1/2-1/2

[Event "Karpos Open 2016"]
[Site "Skopje, MKD"]
[Date "2016.04.05"]
[Round "7"]
[Board "10"]
[White "Mastrovasilis, Athanasios"]
[Black "Berzinsh, Roland"]
[Result "1-0"]
[WhiteElo "2538"]
[BlackElo "2394"]
[PlyCount "37"]
[EventDate "2016.04.01"]
[EventRounds "9"]
[EventCountry "MKD"]

1. c4 Nf6 2. Nc3 c5 3. Nf3 e6 4. e4 Nc6 5. d4 cxd4 6. Nxd4 Bb4 7. Nxc6 dxc6 8.
Qxd8+ Kxd8 9. e5 Ne4 10. a3 Ba5 11. b4 Nxc3 12. bxa5 c5 13. h4 Bd7 14. Rh3 Na4
15. Rg3 Rg8 16. Bd3 g6 17. Be4 Rb8 18. Bg5+ Kc7 19. Rf3 1-0